USA States That Dont Border An Ocean - Statistics

General Stats
  • This quiz has been taken 1,054 times
    965 since last reset
  • The average score is 24 of 27
Answer Stats
Answer % Correct
South Dakota
93%
Kansas
92%
Colorado
91%
Idaho
91%
Montana
91%
North Dakota
91%
Wyoming
91%
Arkansas
90%
Nevada
90%
Kentucky
89%
Ohio
89%
Utah
89%
Arizona
88%
Indiana
88%
Iowa
88%
Nebraska
88%
Oklahoma
88%
Illinois
87%
Tennessee
86%
West Virginia
85%
Missouri
84%
Michigan
83%
New Mexico
83%
Wisconsin
83%
Vermont
82%
Minnesota
81%
Pennsylvania
70%
No matching quizzes found
Score Distribution
Percent of People with Each Score
Percentile by Number Answered
Your Score History
You have not taken this quiz since the last reset